| Tag |
First Indicator |
Second Indicator |
Subfields |
| LEADER |
00000cam a2200000 4500 |
| 001 |
in00000051807 |
| 005 |
20151007074024.0 |
| 008 |
800611s1917 njua b 00010 eng |
| 010 |
|
|
|a 17013355
|
| 035 |
|
|
|a (OCoLC)06406822
|
| 035 |
|
|
|9 AAF0801AM
|
| 037 |
|
|
|c $2.00
|
| 040 |
|
|
|a DLC
|c TXA
|d UtOrBLW
|
| 049 |
|
|
|a TXAM
|c [11642]
|
| 050 |
|
0 |
|a QH345
|b .M2
|
| 092 |
|
|
|a 541.3
|b M12p
|
| 100 |
1 |
|
|a McClendon, J. F.
|q (Jesse Francis),
|d 1880-1976.
|
| 245 |
1 |
0 |
|a Physical chemistry of vital phenomena :
|b for students and investigators in the biological and medical sciences /
|c by J. F. McClendon ...
|
| 264 |
|
1 |
|a Princeton :
|b Princeton University Press; [etc., etc.],
|c 1917.
|
| 300 |
|
|
|a viii, 240 pages :
|b illustrations, diagrams ( 1 folded) ;
|c 22 cm.
|
| 336 |
|
|
|a text
|b txt
|2 rdacontent
|
| 337 |
|
|
|a unmediated
|b n
|2 rdamedia
|
| 338 |
|
|
|a volume
|b nc
|2 rdacarrier
|
| 504 |
|
|
|a "Literature list": pages [198]-233.
|
| 650 |
|
0 |
|a Biochemistry.
|
| 650 |
|
0 |
|a Chemistry, Physical and theoretical.
|
| 999 |
|
|
|a MARS
|
| 999 |
f |
f |
|s dad6d50c-843a-30ca-9654-41078f4ab29a
|i 0282ac8d-a4f6-3d3d-8e80-9214a1cff71d
|t 0
|
| 952 |
f |
f |
|p ric
|a Texas A&M University
|b Rellis Campus
|c Joint Library Facility
|d Remote Storage
|t 0
|e QH345 .M2
|h Library of Congress classification
|i unmediated -- volume
|m A14800935854
|
| 998 |
f |
f |
|a QH345 .M2
|t 0
|l Remote Storage
|